| 000 | 01092nam a22002177a 4500 | ||
|---|---|---|---|
| 999 |
_c7408 _d7408 |
||
| 001 | 21002 | ||
| 003 | BD-DhUAP | ||
| 005 | 20210121125450.0 | ||
| 008 | 210121s2020 bg a|||| |||| 000 0 ben d | ||
| 020 | _a9847007609550 | ||
| 040 |
_aBD-DhUAP _bBen _cBD-DhUAP _dBD-DhUAP |
||
| 082 |
_223 _a923.1 AMR |
||
| 245 |
_aআমরা এঁকেছি ১০০ মুজিব : _bশিশুদের আঁকা ছবির সংকলন / _cহাশেম খান ... [এবং অন্যান্য] কর্তৃক সম্পাদিত। |
||
| 260 |
_aঢাকা : _bবাংলাদেশ শিশু একাডেমি, _cc২০২০। |
||
| 300 |
_a১০৪ পৃষ্ঠা : _bচিত্র ; _c২৮ সেমি.। |
||
| 490 | _aজাতির পিতা বঙ্গবন্ধু শেখ মুজিবুর রহমান শিশু-গ্রন্থমালা ১৬। | ||
| 600 |
_aRahman, Shekik Mujibur _d1920-1975 _vBiography. |
||
| 650 |
_aPolitician _vBiography. |
||
| 700 | _aখান, হাশেম। | ||
| 942 |
_2ddc _cBK |
||